000 00520nam a2200181Ia 4500
005 20250508155057.0
008 008 250505s9999 xx 000 0 eng d
037 _aTextual
040 _aFEDL
_beng
_cFEDL
041 _aeng
_2eng
084 _a371.426, MIL
_qFEDL
100 _aMillis C T
_948668
245 0 _aTechnical education : Its development and aims
260 _aLondon, UK
_bEdward Arnold and Co.
_c1925
300 _avii,183p
942 _cTEXL
_h371.426, MIL
999 _c1353972
_d1353972